000 00409nam a2200169Ia 4500
008 230524s9999 xx 000 0 und d
020 _a9788131804094
082 _a620.1
_bBAN
100 _aR.K.Bansal
245 2 _aA Text Book of Engineering Mechanics
250 _a5TH
260 _aNEW DELHI
_bLaxmi
_c2008
300 _aXI;779
500 _aQuantity Number: 20
650 _aMechanics
942 _cBK
999 _c39673
_d39673